| 000 | 00441nam a2200169Ia 4500 | ||
|---|---|---|---|
| 008 | 230711s9999||||xx |||||||||||||| ||und|| | ||
| 020 | _a978-81-219-2498-6 | ||
| 041 | _aENG | ||
| 082 |
_a621 _bAG-Q |
||
| 100 | _aAggarwal,R.S | ||
| 245 | 0 | _aQuantitative aptitude for competitive examinations | |
| 250 | _a1st Ed. | ||
| 260 |
_c2016 _aNew Delhi _bS.Chand & Company Ltd |
||
| 300 | _a726p. | ||
| 650 | _aElectrical Engineering | ||
| 942 | _cBK | ||
| 999 |
_c6267 _d6267 |
||